Organic farming and sustainable agriculture for green economy (Record no. 1308894)

MARC details
000 -LEADER
fixed length control field 01056nam a2200217 4500
005 - DATE AND TIME OF LATEST TRANSACTION
control field 20250411151551.0
008 - FIXED-LENGTH DATA ELEMENTS--GENERAL INFORMATION
fixed length control field 250411b |||||||| |||| 00| 0 eng d
020 ## - INTERNATIONAL STANDARD BOOK NUMBER
International Standard Book Number 9789383158553
037 ## - SOURCE OF ACQUISITION
Terms of availability Textual
040 ## - CATALOGING SOURCE
Original cataloging agency RTL
Transcribing agency RTL
084 ## - COLON CLASSIFICATION NUMBER
Classification number U672(J) Q5
100 ## - MAIN ENTRY--PERSONAL NAME
Personal name Sarkar, A.N.
245 ## - TITLE STATEMENT
Title Organic farming and sustainable agriculture for green economy
260 ## - PUBLICATION, DISTRIBUTION, ETC.
Place of publication, distribution, etc. New Delhi
Name of publisher, distributor, etc. S.K. Book Agency
Date of publication, distribution, etc. 2015
300 ## - PHYSICAL DESCRIPTION
Extent xi, 420 p. : ill.
Other physical details Includes bibliographical references and index
521 ## - TARGET AUDIENCE NOTE
Target audience note organic farming is universally recognized to be a specialized form of farming practices, involving incorporation of organic inputs, such as manures, crop residues, green manuring crops, biogas slurry, and earthworm casts (vermiculture) etc. to enrich soil with adequate plant nutrients, and provide good soil health for creating a sustainable and remunerative form of farming system.
650 ## - SUBJECT ADDED ENTRY--TOPICAL TERM
Topical term or geographic name entry element Organic farming
9 (RLIN) 752203
650 ## - SUBJECT ADDED ENTRY--TOPICAL TERM
Topical term or geographic name entry element Agriculture, farming
9 (RLIN) 752204
650 ## - SUBJECT ADDED ENTRY--TOPICAL TERM
Topical term or geographic name entry element Green economy
9 (RLIN) 752205
942 ## - ADDED ENTRY ELEMENTS (KOHA)
Source of classification or shelving scheme Colon Classification (CC)
Suppress in OPAC No
Koha item type Textbook
Classification part U672(J) Q5
Holdings
Withdrawn status Lost status Source of classification or shelving scheme Damaged status Not for loan Home library Current library Date acquired Total Checkouts Full call number Barcode Date last seen Price effective from Koha item type
    Colon Classification (CC)     Ratan Tata Library Ratan Tata Library 2025-04-11   U672(J) Q5 RT1585192 2025-04-11 2025-04-11 Textbook
Copyright @ Delhi University Library System